Länder mit den meisten WM-Teilnahmen - Statistiken

Allgemein
  • Dieses Quiz wurde 248 mal gespielt
  • Das Durchschnittsergebnis liegt bei 17 aus 20
Antwortstatistiken
Platzierung Anzahl der Teilnahmen Land % Korrekt
1. 22 Brasilien
100%
2. 20 Deutschland
99%
6. 16 Frankreich
98%
4. 18 Argentinien
97%
3. 18 Italien
97%
8. 16 Spanien
97%
7. 16 England
94%
17. 11' Russland
92%
16. 11 Niederlande
90%
20. 8 Portugal
90%
14. 11 USA
90%
9. 14 Uruguay
89%
10. 14 Belgien
86%
5. 17 Mexiko
86%
19. 9 Polen
85%
12. 12 Schweden
81%
11. 12 Schweiz
79%
15. 11 Südkorea
68%
18. 9 Chile
67%
13. 12* Serbien
51%
Keine übereinstimmenden Quizze gefunden
Verteilung der Resultate
Anzahl Personen mit jedem Resultat
Perzentil nach korrekt beantworteten Fragen
Ihre Resultats-Entwicklung
Sie haben dieses Quiz noch nicht gespielt